Seconde Guerre Mondiale : la Reconstruction. - Statistiques

Statistiques générales
  • Ce quiz a été pris 40 fois
  • Le résultat moyen est 4 sur 5
Statistiques - réponses
Question Réponse % Correct
Adolf Hitler parviendra - t ' il à participer au Procès de Nuremberg? Non, ce dernier s'étant suicidé le 30 Avril 1945.
100%
Au sein de quelle ville Allemande s'est déroulée le procès ayant réalisé le Jugement de 21 dirigeants Nazis de la Seconde Guerre Mondiale, de 1945 à 1946? Nuremberg.
100%
Quelles furent les deux nations ayant subi le plus de pertes lors du conflit? L' U.R.S.S et la Pologne.
74%
Afin de "qualifier" les atrocités commises par les Nazis, quel(s) chef(s) d'accusation fut(furent) inventé(s) par le Tribunal International lors du procès? Génocide / Crime contre l' Humanité.
62%
Quelle proportion de civils périt lors de la Seconde Guerre Mondiale? Plus de 50 %.
46%
Aucun quiz correspondant
Distribution des résultats
% des personnes avec chaque résultat
Percentile par nombre de réponses
Votre historique - résultats
Vous n’avez pas pris ce quiz